|
|
|
|
| LEADER |
00836cam a2200265 7i4500 |
| 001 |
0000036784 |
| 005 |
20220428090000.0 |
| 007 |
ta |
| 008 |
220303t2003 eng |
| 020 |
|
|
|a 9780316407472
|
| 040 |
|
|
|a MATR
|
| 090 |
0 |
0 |
|a FI 823
|b COW
|
| 100 |
1 |
|
|e Cowell, Cressida
|e author
|
| 245 |
1 |
0 |
|a HOW TO TRAIN YOUR DRAGON :
|b The Heroic Misadventures of Hiccup the Viking
|c Cressida Cowell.
|
| 264 |
|
0 |
|a New York:
|b Little, Brown and Company,
|c 2014.
|
| 300 |
|
|
|a 405 pages;
|c cm.
|
| 336 |
|
|
|a text
|2 rdacontent
|
| 337 |
|
|
|a unmediated
|2 rdamedia
|
| 338 |
|
|
|a volume
|2 rdacarrier
|
| 500 |
|
|
|a Screen adaption
|
| 650 |
|
0 |
|a Vikings --
|x Juvenile fiction
|
| 650 |
|
0 |
|a Dragons --
|x Fiction
|
| 650 |
|
0 |
|a Humorous stories
|
| 650 |
|
0 |
|a English fiction
|
| 999 |
|
|
|a B000041693
|b Book
|c Book
|e Business Information Centre
|